|
|
|
|
| LEADER |
00000nas a2200000 a 4500 |
| 001 |
ssj0000613611 |
| 003 |
WaSeSS |
| 005 |
20200512172242.0 |
| 006 |
m d |
| 007 |
cr n |
| 008 |
790823u1967uuuuck fr p s 0 b0spa c |
| 010 |
|
|
|a sn 86011232
|
| 016 |
7 |
|
|a 010429565
|2 DE-101
|
| 016 |
7 |
|
|a 48941-4
|2 DE-600
|
| 022 |
|
|
|l 0120-0380
|y 0120-0380
|
| 030 |
|
|
|a BOMAD4
|
| 035 |
|
|
|a (WaSeSS)ssj0000613611
|
| 040 |
|
|
|a UIU
|b eng
|c UIU
|d AIP
|d NST
|d DLC
|d OCLCQ
|d IXA
|d DLC
|d OCL
|d DLC
|d IXA
|d OCLCQ
|d GBVCP
|d OCLCQ
|d OCLCF
|d CUS
|d OCLCQ
|d WaSeSS
|
| 042 |
|
|
|a nsdp
|a pcc
|
| 050 |
0 |
0 |
|a QA1
|b .B643
|
| 082 |
0 |
4 |
|a 510.5
|b BOLD
|
| 210 |
0 |
|
|a Bol. mat.
|
| 222 |
|
0 |
|a Boletín de matemáticas
|
| 245 |
0 |
0 |
|a Boletín de matemáticas
|h [electronic resource].
|
| 260 |
|
|
|a Bogotá :
|b Dept. de Matemáticas, Facultad de Ciencias, Universidad Nacional de Colombia,
|c 1967-
|
| 310 |
|
|
|a Semiannual,
|b <1998-2001>
|
| 321 |
|
|
|a Irregular,
|b 1967-
|
| 362 |
0 |
|
|a Vol. 1 (1967)-
|
| 506 |
|
|
|a License restrictions may limit access.
|
| 515 |
|
|
|a Some numbers are combined issues.
|
| 515 |
|
|
|a Issues for <jun. 1998-dic. 2001>- called Nueva ser., <Vol. 5, no. 1-Vol. 8, no. 2>
|
| 550 |
|
|
|a Issued by: Sociedad Colombiana de Matemáticas and the Departamento de Matemáticas y Estadística, Universidad Nacional, 1967- ; by: Dept. de Matemáticas, Facultad de Ciencias, Universidad Nacional de Colombia, <2001->
|
| 588 |
|
|
|a Latest issue consulted: Vol. 8, no. 2 (dic. 2001).
|
| 650 |
|
0 |
|a Mathematics
|v Periodicals.
|
| 650 |
|
7 |
|a Mathematics.
|2 fast
|0 (OCoLC)fst01012163
|
| 655 |
|
0 |
|a Electronic journals.
|
| 710 |
2 |
|
|a Sociedad Colombiana de Matemáticas.
|
| 710 |
2 |
|
|a Universidad Nacional de Colombia.
|b Departamento de Matemáticas.
|
| 850 |
|
|
|a DLC
|a NIC
|
| 856 |
4 |
0 |
|z Full text available from Research Library: 01/01/2004 to present
|u https://search.proquest.com/publication/2035752
|